Movimientos sociales, estado y sistema político en México / (Record no. 49008)
[ view plain ]
| 000 -LEADER | |
|---|---|
| campo de control de longitud fija | 02819cam a2200445Mi 4500 |
| 003 - IDENTIFICADOR DE NÚMERO DE CONTROL | |
| campo de control | BJBSDDR |
| 005 - FECHA Y HORA DE LA ÚLTIMA TRANSACCIÓN | |
| campo de control | 20230410115836.0 |
| 007 - CAMPO FIJO DE DESCRIPCIÓN FÍSICA--INFORMACIÓN GENERAL | |
| campo de control de longitud fija | ta |
| 008 - DATOS DE LONGITUD FIJA--INFORMACIÓN GENERAL | |
| campo de control de longitud fija | 080303s2007 mx ad b 001 0 spa d |
| 020 ## - NÚMERO INTERNACIONAL ESTÁNDAR DEL LIBRO | |
| Número Internacional Estándar del Libro | 9789702712732 |
| 020 ## - NÚMERO INTERNACIONAL ESTÁNDAR DEL LIBRO | |
| Número Internacional Estándar del Libro | 9702712734 |
| 035 ## - NÚMERO DE CONTROL DEL SISTEMA | |
| Número de control de sistema | (OCoLC)ocn254071553 |
| 035 ## - NÚMERO DE CONTROL DEL SISTEMA | |
| Número de control de sistema | (OCoLC)254071553 |
| 040 ## - FUENTE DE CATALOGACIÓN | |
| Centro catalogador/agencia de origen | GyGoGBV |
| Lengua de catalogación | ger |
| Centro/agencia transcriptor | GBVCP |
| 041 ## - CÓDIGO DE IDIOMA | |
| Código de lengua del texto/banda sonora o título independiente | spa |
| 050 14 - SIGNATURA TOPOGRÁFICA DE LA BIBLIOTECA DEL CONGRESO | |
| Número de clasificación | HN 113.5 |
| Número de ítem | M935 2007 |
| 082 00 - NÚMERO DE LA CLASIFICACIÓN DECIMAL DEWEY | |
| Número de clasificación | 303.484 |
| 245 00 - MENCIÓN DEL TÍTULO | |
| Título | Movimientos sociales, estado y sistema político en México / |
| Mención de responsabilidad, etc. | Jaime Tamayo (coordinador). |
| 260 ## - PUBLICACIÓN, DISTRIBUCIÓN, ETC. | |
| Lugar de publicación, distribución, etc. | Guadalajara, Jalisco : |
| Nombre del editor, distribuidor, etc. | Universidad de Guadalajara, Centro Universitario de Ciencias Sociales y Humanidades, |
| Fecha de publicación, distribución, etc. | 2007. |
| 300 ## - DESCRIPCIÓN FÍSICA | |
| Extensión | 327 pages ; |
| Dimensiones | 23 cm. |
| 504 ## - NOTA DE BIBLIOGRAFÍA, ETC. | |
| Nota de bibliografía, etc. | Incluye referencias bibliográficas e índice |
| 505 0# - NOTA DE CONTENIDO CON FORMATO | |
| Nota de contenido con formato | Los movimientos sociales en la construcción del Estado y el sistema político mexicano /Jaime Tamayo --De las intransigencias al camino de la tolerancia: iglesia católica y Estado mexicano en el siglo XX /Leticia Ruano --La transición del sindicalismo al corporativismo en Jalisco (1920-1930) /María Concepción Barrientos Ramírez --Evolución de la oposición partidista en México durante el sistema no competitivo /María Alejandra Vizcarra Ruiz --Caciques y caudillos en San Luis Potosí y en Jalisco: su camino para alcanzar la democracia /Anabel Castillón Quintero --Las mujeres en el Congreso del Estado de Jalisco: un caso de subrepresentación /Diana Melchor Barrera --El Partido Comunista Mexicano (PCM) y las luchas comunistas en México /María Guadalupe Moreno González --El PCM en Jalisco y los movimientos sociales: un lustro de luchas sociales /Samuel Meléndez --La izquierda en el Congreso del Estado de Jalisco, trabajo parlamentario e iniciativas de ley /Claudio Palacios Rivera --Entre la legislación y la practica de la prostitución en Guadalajara (1866-1929) /Fidelina González Llerenas. |
| 650 #0 - PUNTO DE ACCESO ADICIONAL DE MATERIA--TÉRMINO DE MATERIA | |
| Término de materia o nombre geográfico como elemento de entrada | Social movements |
| Subdivisión geográfica | Mexico |
| Subdivisión general | History |
| Subdivisión cronológica | 20th century. |
| 650 #0 - PUNTO DE ACCESO ADICIONAL DE MATERIA--TÉRMINO DE MATERIA | |
| Término de materia o nombre geográfico como elemento de entrada | Social movements |
| Subdivisión geográfica | Mexico |
| -- | Mexico City. |
| 650 #4 - PUNTO DE ACCESO ADICIONAL DE MATERIA--TÉRMINO DE MATERIA | |
| Término de materia o nombre geográfico como elemento de entrada | Movimientos sociales |
| Subdivisión geográfica | México |
| 9 (RLIN) | 4143 |
| 650 #4 - PUNTO DE ACCESO ADICIONAL DE MATERIA--TÉRMINO DE MATERIA | |
| Término de materia o nombre geográfico como elemento de entrada | Historia de los movimientos sociales |
| Subdivisión geográfica | México |
| 9 (RLIN) | 6891 |
| 650 #0 - PUNTO DE ACCESO ADICIONAL DE MATERIA--TÉRMINO DE MATERIA | |
| Término de materia o nombre geográfico como elemento de entrada | Partido Comunista Mexicano |
| Subdivisión general | History. |
| 650 #0 - PUNTO DE ACCESO ADICIONAL DE MATERIA--TÉRMINO DE MATERIA | |
| Término de materia o nombre geográfico como elemento de entrada | Prostitution |
| Subdivisión geográfica | Mexico |
| -- | Guadalajara |
| Subdivisión general | History. |
| 650 #0 - PUNTO DE ACCESO ADICIONAL DE MATERIA--TÉRMINO DE MATERIA | |
| Término de materia o nombre geográfico como elemento de entrada | Women legislators |
| Subdivisión geográfica | Mexico. |
| 650 #0 - PUNTO DE ACCESO ADICIONAL DE MATERIA--TÉRMINO DE MATERIA | |
| Término de materia o nombre geográfico como elemento de entrada | Caciques (Indian leaders) |
| Subdivisión geográfica | Mexico |
| Subdivisión general | History |
| Subdivisión cronológica | 20th century. |
| 651 #0 - PUNTO DE ACCESO ADICIONAL DE MATERIA--NOMBRE GEOGRÁFICO | |
| Nombre geográfico | Mexico |
| Subdivisión general | Politics and government |
| Subdivisión cronológica | 20th century. |
| 651 #0 - PUNTO DE ACCESO ADICIONAL DE MATERIA--NOMBRE GEOGRÁFICO | |
| Nombre geográfico | Mexico |
| Subdivisión general | Social conditions |
| Subdivisión cronológica | 20th century. |
| 651 #0 - PUNTO DE ACCESO ADICIONAL DE MATERIA--NOMBRE GEOGRÁFICO | |
| Nombre geográfico | Church and state |
| Subdivisión geográfica | Mexico |
| Subdivisión general | History |
| Subdivisión cronológica | 20th century. |
| 651 #4 - PUNTO DE ACCESO ADICIONAL DE MATERIA--NOMBRE GEOGRÁFICO | |
| Nombre geográfico | México |
| Subdivisión general | Condiciones sociales |
| Subdivisión cronológica | Siglo XX |
| 9 (RLIN) | 1557 |
| 651 #4 - PUNTO DE ACCESO ADICIONAL DE MATERIA--NOMBRE GEOGRÁFICO | |
| Nombre geográfico | Jalisco (México) |
| Subdivisión general | Condiciones sociales |
| Subdivisión cronológica | Siglo XX |
| 9 (RLIN) | 25752 |
| 700 1# - ENTRADA AGREGADA--NOMBRE PERSONAL | |
| Nombre de persona | Tamayo, Jaime |
| 9 (RLIN) | 25753 |
| Término indicativo de función/relación | coordinador |
| 710 2# - ENTRADA AGREGADA--NOMBRE DE ENTIDAD CORPORATIVA | |
| Nombre de entidad corporativa o nombre de jurisdicción como elemento de entrada | Universidad de Guadalajara |
| 942 ## - ELEMENTOS DE ENTRADA SECUNDARIOS (KOHA) | |
| Fuente del sistema de clasificación o colocación | Clasificación de Library of Congress |
| Tipo de ítem Koha | Libro |
| 946 ## - PROCESAMIENTO DE INFORMACIÓN LOCAL (OCLC) | |
| a | nc |
| Estatus retirado | Estado de pérdida | Estado de daño | No para préstamo | Colección | Biblioteca de origen | Biblioteca actual | Ubicación en estantería | Fecha de adquisición | Signatura topográfica completa | Código de barras | Visto por última vez | Copia número | Tipo de ítem Koha |
|---|---|---|---|---|---|---|---|---|---|---|---|---|---|
| Ciencias Sociales | Biblioteca Juan Bosch | Biblioteca Juan Bosch | Ciencias Sociales (3er. Piso) | 10/04/2023 | HN 113.5 M935 2007 | 00000072520 | 24/10/2018 | 1 | Libro |
